Semantic web services, processes and applications

The book provides the semantic enabling of all phases of semantic Web processes. This encompasses design, annotation, discovery, choreography and composition. Also this book presents fundamental capabilities and techniques associated with ontological modeling or services, annotation, matching and ma...

Celý popis

Uloženo v:
Podrobná bibliografie
Médium: Kniha
Jazyk:Undetermined
Vydáno: New York, NY Springer 2006
Témata:
Tagy: Přidat tag
Žádné tagy, Buďte první, kdo otaguje tento záznam!
Thư viện lưu trữ: Trung tâm Học liệu Trường Đại học Cần Thơ
LEADER 00979nam a2200193Ia 4500
001 CTU_130137
008 210402s9999 xx 000 0 und d
020 |c 1611849 
082 |a 025.04 
082 |b S471 
245 0 |a Semantic web services, processes and applications 
245 0 |c edited by Jorge Cardoso, Amit P. Sheth 
260 |a New York, NY 
260 |b Springer 
260 |c 2006 
520 |a The book provides the semantic enabling of all phases of semantic Web processes. This encompasses design, annotation, discovery, choreography and composition. Also this book presents fundamental capabilities and techniques associated with ontological modeling or services, annotation, matching and mapping, and reasoning. This is complemented by discussion of applications in e-Government and bioinformatics 
650 |a Semantic Web,Web services,Web ngữ nghĩa,Dịch vụ Web 
904 |i Huỳnh Mai 
980 |a Trung tâm Học liệu Trường Đại học Cần Thơ